Odvody u predčasného starobného dôchodcu

Podmienky nároku ako aj určenie sumy predčasného starobného dôchodku upravuje § 67 až § 69a zákona č. 461/2003 Z. z. o sociálnom poistení v znení neskorších predpisov. Fyzická osoba, ktorá poberá predčasný starobný dôchodok môže aj pracovať, ale s obmedzeniami, ktoré sú upravené v platnej právnej úp...

Ausführliche Beschreibung

Gespeichert in:
Bibliographische Detailangaben
1. Verfasser: Matlovičová, Iveta
Format: Buchkapitel
Sprache:Slowakisch
Schlagworte:
Tags: Tag hinzufügen
Keine Tags, Fügen Sie das erste Tag hinzu!

MARC

LEADER 00000naa a2200000 4500
001 0300521
005 20240530101607.9
041 0 |a slo 
044 |a SK 
245 1 0 |a Odvody u predčasného starobného dôchodcu  |c Iveta Matlovičová 
520 |a Podmienky nároku ako aj určenie sumy predčasného starobného dôchodku upravuje § 67 až § 69a zákona č. 461/2003 Z. z. o sociálnom poistení v znení neskorších predpisov. Fyzická osoba, ktorá poberá predčasný starobný dôchodok môže aj pracovať, ale s obmedzeniami, ktoré sú upravené v platnej právnej úprave. Aké sú oslobodenia od platby poistného udelené predčasným starobným dôchodcom, ak poberajú príjem zo zárobkovej činnosti a aké musia splniť zákonné podmienky, aby im nebola výplata dôchodku pozastavená? 
610 2 0 |a dôchodky starobné 
610 2 0 |a dôchodcovia 
610 2 0 |a pomer pracovný 
610 2 0 |a odvody 
610 2 0 |a poistenie sociálne 
610 2 0 |a úpravy právne 
610 2 0 |a poistné 
610 2 0 |a zákony 
100 1 |a Matlovičová, Iveta